Statistics for Ancient Rome - True or False?

Click here to take the quiz!

General Stats

  • This quiz has been taken 24,302 times
  • The average score is 11 of 15

Answer Stats

QuestionAnswer% Correct
Slavery was a common practice in ancient RomeTrue
94%
Chariot racing was a popular spectator sportTrue
91%
At one point, the Roman Empire controlled the entire coast of the Mediterranean SeaTrue
90%
The Romans founded MoscowFalse
89%
The ancient Romans enjoyed spaghetti with marinara sauceFalse
88%
There was an emperor known as Gluteus MaximusFalse
86%
Julius Caesar conquered much of what is today FranceTrue
85%
Upper class Romans preferred wine to beerTrue
84%
Ancient Rome is considered a matriarchal society, not a patriarchal oneFalse
82%
Generally, only rich people served in the Roman SenateTrue
79%
A legion consisted of about 100 soldiersFalse
58%
Many Roman buildings were built from concreteTrue
57%
Sexual promiscuity in women was socially acceptable, even encouragedFalse
56%
The toga was the common everyday garment of Roman menFalse
52%
During the so-called "Dark Ages", the population of Rome actually increasedFalse
51%

Score Distribution

Percentile by Number Answered

Percent of People with Each Score

Your Score History

You have not taken this quiz